| 000 | 01136cam a2200313 a 4500 | ||
|---|---|---|---|
| 001 | 1416 | ||
| 005 | 20231204084219.0 | ||
| 020 | _a0807554111 (hardcover) | ||
| 020 | _a792836003958 | ||
| 040 |
_aDLC _cDLC _dDLC _beng |
||
| 050 | 0 | 0 |
_aPZ7.W244 _bMvp 1995 |
| 082 | 0 | 0 | _a813 |
| 100 | 1 |
_aWarner, Gertrude Chandler _d1890-1979. |
|
| 245 | 1 | 0 |
_aMystery in the cave / _c by Gertrude Chandler Warner ; illustrated by Charles Tang. |
| 260 |
_bAlbert Whitman, _c1995 _aMorton Grove : |
||
| 300 |
_a121 pages : _billustrations ; _c20 cm |
||
| 490 |
_aThe boxcar children _vBook 50 |
||
| 505 | _aO | ||
| 520 | _aWhile exploring the caves around Dragon's Mouth Cavern, a series of unusual and somewhat frightening events convinces the Alden children that someone does not want them around. | ||
| 521 |
_a600
_bLexile |
||
| 521 |
_aO
_bRaz-Plus |
||
| 650 | 1 |
_aCaves _xFiction. |
|
| 650 | 1 |
_aBrothers and sisters _xFiction. |
|
| 650 | 1 |
_aOrphans _xFiction. |
|
| 650 | 1 | _aMystery and detective stories. | |
| 700 | 1 |
_aTang, Charles _eillustrator |
|
| 906 |
_a7 _bcbc _corignew _d1 _eocip _f19 _gy-gencatlg |
||
| 942 |
_2ddc _cBK _n0 |
||
| 999 |
_c1416 _d1416 |
||